=LDR 00000nam 2200000 4500 =001 INLIS000000000049276 =005 20170207095912.0 =006 =007 =008 =020 ##$$a 979-2494-59-6 =035 ##$$0010-021700000000068 =082 ##$$a813 =100 ##$$a wetry febrina =245 ##$$aMY NIME IS CH =260 ##$$aYOGYAKARTA:SUPIT MEDIA GRUP; 2007 =300 ##$$a192 HLM; 15 cm =850 ##$$a nbpnmat =990 ##$$a20801344